| 000 | 00539nam a22001577a 4500 | ||
|---|---|---|---|
| 003 | OSt | ||
| 005 | 20151120101401.0 | ||
| 008 | 151120b xxu||||| |||| 00| 0 eng d | ||
| 040 | _cRUA | ||
| 082 | _aFIS PIC 1996 B162 Or.1 | ||
| 100 |
_93948 _aPICH, SEREY WATH. |
||
| 245 | _aStudy on techniques of fish meal production (សិក្សាស្រាវជ្រាវពិសធន៏បច្ចេកទេសផលិតម្សៅត្រី) | ||
| 260 |
_aPhnom Penh _bRUA _c1996 |
||
| 300 |
_a61p. _bill. _c29cm. |
||
| 942 |
_2ddc _cFIS |
||
| 999 |
_c3671 _d3671 |
||